00293nam a2200121Ia 4500008004100000100001800041245003100059260003600090300000800126650001300134942000700147999001700154190216s9999||||xx |||||||||||||| ||und|| aSreeraman C V 0aChakshu Sravanagalasthamam bCalicut University Publications a136 aKathakal cBK c27817d27817